| 000 | 00709nam a2200229Ia 4500 | ||
|---|---|---|---|
| 003 | GCL | ||
| 008 | 140319s9999 xx 000 0 ara d | ||
| 040 |
_aGCL / _cGCL |
||
| 082 | 0 | 4 |
_aد _b050 _bا ا |
| 100 | 1 | _aالجامعة العثمانية | |
| 245 | 1 | 0 |
_aالجامعة العثمانية (1908-1899) / _cالجامعة العثمانية |
| 300 | _a9 مجلدات | ||
| 490 |
_aماذا اعرف _v0 |
||
| 650 | 0 | 4 | _aالسياسة |
| 650 | 0 | 4 | _aالسياسة الخارجية |
| 650 | 0 | 4 | _aالشعر |
| 650 | 0 | 4 | _aدوريات |
| 650 | 0 | 4 | _aالعائلة |
| 650 | 0 | 4 | _aالسياسة الداخلية |
| 650 | 0 | 4 | _aالتعليم-التربية-الادب-المراة |
| 942 |
_2ddc _cCF |
||
| 999 |
_c27084 _d27084 |
||